| 000 | 00872cam a22002291 4500 | ||
|---|---|---|---|
| 001 | ne 64002084 | ||
| 003 | DLC | ||
| 005 | 20260227111803.0 | ||
| 008 | 900830m19641972ua 000 0 ararc | ||
| 010 | _ane 64002084 | ||
| 025 | _aPL480:UAR-4453 | ||
| 035 | _a(OCoLC)22296523 | ||
| 040 |
_aPrinceton Univ. Libr. _cWaU _dDLC |
||
| 042 | _apremarc | ||
| 050 | 0 | 0 |
_aAC106 _b.A65 |
| 100 | 1 |
_aʻAqqād, ʻAbbās Maḥmud, _d1889-1964. |
|
| 245 | 1 | 0 |
_aYawmīyāt _c[taʼlīf] ʻAbbās Maḥmud al-ʻAqqād. |
| 260 |
_a[al-Qāhirah] _bDār al-Maʻārif _c1963 [i.e. 1964]-[72] |
||
| 300 |
_av. _c24 cm. |
||
| 500 | _aVols. 3-4 published by al-Shaʻb. | ||
| 500 | _a"Taḍammu hādhahi al-majmūʻah maḥṣul akthar min ʻashr ṣanawāt min al-taʻlīqāt allatī nushirat taḥta ʻunwān al-yamīyāt bi-saḥīfat (al-Akhbar) al-yawmīyah" -- author's foreward to v. 1. | ||
| 999 |
_c47321 _d47321 |
||